| 000 | 00852cam a22002777a 4500 | ||
|---|---|---|---|
| 003 | CHAP | ||
| 005 | 20220329142632.0 | ||
| 008 | 020628d2001 mx d r 00110 spa d | ||
| 010 | _a85942 | ||
| 011 | _a86914 | ||
| 035 | _a97454 | ||
| 040 | _cCHAP | ||
| 090 | _aFolleto 16456 | ||
| 110 | 2 |
_aUACH. Consejo Universitario _9115847 |
|
| 245 | 1 | 0 |
_aProyecto de egresos 2001 _c/por UACH. Consejo Universitario |
| 260 |
_aChapingo, Méx. : _bUACH. Consejo Universitario, _c2001 |
||
| 300 |
_a20 p. : _bcuadros |
||
| 590 |
_aBATCH-UPD _b10 _c20130110 _lUCH01 _h0942 |
||
| 590 |
_aCONVERSION _b10 _c20130109 _lUCH01 _h1348 |
||
| 650 | 1 | 4 |
_aPresupuesto. _991543 |
| 650 | 1 | 4 |
_aUniversidades _xFinanzas. _9116622 |
| 901 | _aBK | ||
| 905 | _aMarco A. Mendoza T. | ||
| 942 | _cFOLL | ||
| 949 |
_aFolleto 16456 _bBC _cUACH _d33724002010421 _eUACH _gDonaciØn _i97454 _sb |
||
| 999 |
_c85942 _d85942 |
||